000 02631cam a2200349 i 4500
003 SA-RiAUC
005 20241107112111.0
008 241031s2015 su g 001 0 ara c
020 _a9786030188666
024 0 _a00000000303787
040 _aAE-DuMBRL
_bara
_cSA-RiAUC
_dKAC
_erda
043 _aa-su---
050 4 _bB36 2015
082 0 4 _a953.123
_qSA-RiAUC
090 _a953.123
_bب ا ن
100 1 _aباناجة، عبد الإله عبد العزيز،
_dحوالي 1949-
_eمؤلف.
245 1 0 _aتاريخ جدة من أقدم العصور حتى نهاية العهد العثماني /
_cعبد الإله بن عبد العزيز باناجة.
250 _aالطبعة الأولى.
264 1 _aمكة المكرمة :
_bعبد الإله بن عبد العزيز باناجة،
_c2015
300 _a502 صفحة ؛
_c24× 17 سم
336 _aنص
_btxt
_2rdacontent
_3كتاب
337 _aبدون وسيط
_bn
_2rdamedia
338 _aمجلد
_bnc
_2rdacarrier
500 _aكشافات : صفحة 399-421
504 _aببليوجرافية : صفحة 453-492.
505 0 _aالمحتويات : القسم الأول : تاريخ جدة من أقدم العصور حتى نهاية العصر المملوكي-الفصل الأول : جدة الاسم الموقع الجغرافي-جدة من الاسطورة إلى التاريخ-الفصل الثالث : تاريخ جدة منذ ظهور الإسلام حتى نهاية العصر الايوبي-الفصل الثالث : جدة في العصر المملوكي-الفصل الرابع : نظم الإدارة بجدة في العصر المملوكي-القسم الثاني : تاريخ جدة في العهد العثماني.
520 _aانقسم هذا الكتاب إلى قسمين حيث انحصر أولهما في استعراض تاريخ جدة من أقدم العصور وحتى نهاية العهد المملوكي، مرورا بصدر الإسلام، وما تلاه من العصر الأموي، والعصر العباسي، إلى العصر الطولوني والفاطمي، وصولا إلى العصر الأيوبي، فيما يتناول القسم الثاني إجمالا تاريخ جدة السياسي إبان العصر العثماني، مع مناقشة الحركة التجارية في ميناء جدة خلال ذلك العصر.
651 7 _aجدة (السعودية)
_xتاريخ
_2aucsh
651 7 _aجدة (السعودية)
_xتاريخ
_yالحكم العثماني، 1516-1800
_2aucsh
942 _2ddc
_cBOOK
_n0
949 _aSA-JeALM
_d241031
_umohamedma123
_n1
999 _c2159
_d2159